000 00506nam a2200193Ia 4500
003 OSt
005 20220926045611.0
006 a|||||r|||| 00| 0
007 ta
008 220923b |||||||| |||| 00| 0 eng d
037 _cGeneral Book
040 _aRTL
_cRTL
_beng
041 _2eng
_aeng
110 _aSyllabus
_9350432
245 0 _aMaster of arts in geography new course of examination M A Geography 2006-07
700 _aSyllabus
_9350433
942 _cGB
_2CC
999 _c678060
_d678060